1364 1632 1413 1795 1253 1238 1005 1213 1504 1724 1135 1404 1987 1122 1238 1940 1873 1207 1709 1671 1336 1150 1940 1188 1383 1485 1562 1920 1702 1434 1204 1541 1945 1362 1751 1615 1943 1428 1128 1324 1529 1029 1700 1640 1992 1340 1447 1273 1630 1043 1668 1467 1424 1492 1512 1063 1627 1132 1043 1728 1846 1231 1950 1683 1139 1961 1385 1418 1323 1361 1727 1878 1519 1680 1782 1597 1476 1920 1332 1006 1330 1278 1395 1524 1606 1554 1311 1687 1441 1391 1775 1851 1816 1677 1374 1620 1650 1419 1594 BCNSPRNW ULIB Ver.6.0+V

เปลี่ยนเป็นภาษาไทย

Change to English
 แสดงรายละเอียดบรรณานุกรม
  กลับหน้าหลัก

Brief Record : Get Marc (ISO 2709) : E-mail record : QR code < ปิดหน้าต่าง
LEADER : 00000nam 2200000uu 4500
001    13399113481
003     ULIB
008    111121s2550||||th 000 0 tha d
020    ^a9789749530054
060 04 ^aQZ365^bค695
245 00 ^aคู่มือต้านมะเร็งด้วยการแพทย์แผนไทย /^cบรรณาธิการ, เพ็ญนภาทรัพย์เจริญ ; คณะผู้เขียน, กิติ จินดาวิจักษณ์ ... [และคนอื่นๆ]
250    ^aพิมพ์ครั้งที่ 3
260    ^aนนทบุรี :^bมูลนิธิการแพทย์แผนไทยพัฒนา,^c2550
300    ^a75 หน้า :^bภาพประกอบ ;^c21 ซม.
650  7 ^aการแพทย์แผนโบราณ^zไทย
650  7 ^aมะเร็ง^xการรักษา
700 0  ^aเพ็ญนภา ทรัพย์เจริญ,^eบรรณาธิการ
700 0  ^aกิติ จินดาวิจักษณ์
710 2  ^aมูลนิธิการแพทย์แผนไทยพัฒนา. ^bศูนย์พัฒนาตำราการแพทย์แผนไทย
945    ^p100^l0^i14314
995    ^aกัณชพร
999    ^aใช้งานได้ทุกระบบ
รายการนี้ยังไม่มีแท็ก
คุณยังไม่ได้ล็อกอิน คุณสามารถมีกิจกรรมร่วมกับเว็บไซต์ได้ แต่ต้องล็อกอินก่อน ::
  ล็อกอิน

รายการสื่อสารสนเทศ

ลำดับที่ ประเภท เลขเรียก/บาร์โค้ด สถานที่ สถานะ
- ไม่พบข้อมูล -

รายการใกล้เคียง
    หัวเรื่อง [การแพทย์แผนโบราณ ไทย]
    หัวเรื่อง [มะเร็ง การรักษา]

BibComment


ยังไม่เคยถูกคอมเมนท์

คอมเมนท์ทรัพยากรรายการนี้
  คอมเมนท์: คู่มือต้านมะเร็ง..


 Copyright 2026. Bcnsprnw @Library